Statistiques concernant Paroles Macumba - Jean-Pierre Mader

Cliquez ici pour prendre le quiz!

Statistiques générales

  • Ce quiz a été pris 74 fois
  • Le résultat moyen est 167 sur 224

Statistiques - réponses

Réponse% Correct
Macumba
100%
Dans
97%
Elle
97%
elle
97%
soirs
97%
danse
95%
Les
95%
les
95%
tous
95%
la
87%
Oh
87%
Qui
85%
de
84%
De
84%
du
82%
des
80%
est
80%
ne
80%
sa
80%
a
79%
Pour
79%
Pour
79%
qu'a
77%
boire
75%
pensent
74%
bagarre
69%
cherchent
69%
port
67%
sans
66%
son
66%
bagages
59%
venue
57%
Au
56%
Dockers
54%
Et
54%
marins
54%
un
52%
Comme
51%
comme
51%
d'un
51%
guitares
49%
naufrage
48%
quitté
48%
île
46%
nuit
46%
quelques
46%
accords
44%
Aux
43%
dollars
43%
contre
39%
largués
39%
loin
39%
bidonvilles
36%
échouée
36%
rythme
36%
offre
33%
verres
31%
cales
30%
tequila
30%
cargo
28%
mémoire
28%
monde
28%
salsas
28%
ses
28%
force
26%
rêves
26%
tendres
26%
d'attendre
25%
nouveau
25%
trouver
21%
s'invente
20%
Réchauffent
16%
d'autrefois
15%
mots
15%
Brûlants
10%
l'espoire
7%
pont
2%

Distribution des résultats

Percentile par nombre de réponses

% des personnes avec chaque résultat

Votre développement - résultats

Vous n’avez pas pris ce quiz